[Event "Cto de Aragon  Equipos Cat Preferente"]
[Site "Aragon"]
[Date "2010.03.27"]
[Round "10.10"]
[White "Fontana Sotomayour Luis Javier"]
[Black "Gimenez Martinez Alberto"]
[Result "1-0"]
[WhiteElo "2353"]
[BlackElo "2088"]

1.e4 c5 2.Nf3 d6 3.d4 Nf6 4.Nc3 cxd4 5.Qxd4 e5 6.Bb5+ Nbd7 7.Qd3 a6 8.Bxd7+
Bxd7 9.Bg5 Bc6 10.Nd2 h6 11.Bxf6 Qxf6 12.Nd5 Bxd5 13.Qxd5 O-O-O 14.Nc4 Qe6 15.
Nb6+ Kb8 16.O-O-O Be7 17.a4 g6 18.h4 h5 19.Rh3 Rh7 20.Qa5 f5 21.Nd5 Rc8 22.Rb3
Bxh4 23.f3 Bf2 24.Qxa6 1-0

[Event "Cto de Aragon  Equipos Cat Preferente"]
[Site "Aragon"]
[Date "2010.03.27"]
[Round "10.11"]
[White "Quintin Navarro Alberto"]
[Black "Ramiro Ovejero Juan Luis"]
[Result "1/2-1/2"]
[WhiteElo "2047"]
[BlackElo "2346"]

1.Nf3 Nf6 2.c4 c5 3.g3 e6 4.Bg2 Be7 5.O-O O-O 6.Nc3 d5 7.d4 Nc6 8.cxd5 exd5 9.
Bg5 cxd4 10.Nxd4 h6 11.Be3 Re8 12.Rc1 Bf8 13.Nxc6 bxc6 14.Na4 Re6 15.Nc5 Bxc5
16.Bxc5 a5 17.e3 Ba6 18.Re1 a4 19.b3 axb3 20.axb3 Bb5 21.Ra1 Ne4 22.Qd4 Re8
23.Rxa8 Qxa8 24.Ra1 Qc8 25.Ra7 Qf5 26.Bxe4 Rxe4 27.Qa1 Re8 28.Bd4 Qg4 29.h3
Qxh3 30.Bxg7 Bd3 31.Qf6 Qe6 32.Qxh6 Qxh6 33.Bxh6 Rb8 34.Rc7 Rxb3 35.Rxc6 Be4
36.Rc1 Kh7 37.Bf4 Bf3 38.g4 Bxg4 39.Kg2 Kg6 40.Kg3 Bf5 41.Rd1 Rb1 42.Rxd5 Rg1+
43.Kf3 Be6 1/2-1/2

[Event "Cto de Aragon  Equipos Cat Preferente"]
[Site "Aragon"]
[Date "2010.03.27"]
[Round "10.12"]
[White "Antoli Royo Joaquin Miguel"]
[Black "Arregui Untoria Carlos"]
[Result "1-0"]
[WhiteElo "2334"]
[BlackElo "2039"]

1.e4 c5 2.Nf3 d6 3.c3 Nf6 4.Be2 Nc6 5.d4 cxd4 6.cxd4 Nxe4 7.d5 Qa5+ 8.Nc3 Nxc3
9.bxc3 Ne5 10.O-O g6 11.Nxe5 dxe5 12.Rb1 Bg7 13.d6 a6 14.dxe7 Kxe7 15.Qb3 Rd8
16.Bc4 b5 17.Bxf7 Bf5 18.Ba3+ Kf6 19.Rbe1 Bf8 20.Bb2 Bd6 21.f4 e4 22.Bd5 Qa4
23.c4+ Ke7 24.Qc3 Kd7 25.Qg7+ Be7 26.Bf6 Qa3 27.Bxe4 Qc5+ 28.Kh1 1-0

[Event "Cto de Aragon  Equipos Cat Preferente"]
[Site "Aragon"]
[Date "2010.03.27"]
[Round "10.13"]
[White "Llorente Zaro Alfonso"]
[Black "Baron Rodriguez Jesus"]
[Result "0-1"]
[WhiteElo "2401"]
[BlackElo "2436"]

1.c4 e6 2.Nf3 d5 3.e3 Nf6 4.d4 Nbd7 5.Nbd2 b6 6.cxd5 exd5 7.Bb5 Bd6 8.Bc6 Rb8
9.Qa4 a6 10.g4 h6 11.Rg1 O-O 12.g5 hxg5 13.Nxg5 Qe7 14.Ndf3 Rd8 15.Bd2 Nf8 16.
Ne5 b5 17.Qb3 Be6 18.h4 Ne4 19.Nxe4 dxe4 20.Qc2 Bxe5 21.dxe5 Bf5 22.Ba5 Rd3
23.Rg5 Bh7 24.Rd1 Ne6 25.Rg4 Bf5 26.Bxe4 Rxd1+ 27.Qxd1 Bxg4 28.Qxg4 b4 29.a3
bxa3 30.Qh5 g6 31.Bxg6 fxg6 32.Qxg6+ Ng7 33.bxa3 Qxe5 0-1

[Event "Cto de Aragon  Equipos Cat Preferente"]
[Site "Aragon"]
[Date "2010.03.27"]
[Round "10.14"]
[White "Baron Rodriguez Jorge"]
[Black "Ramon Perez Jose Luis"]
[Result "1-0"]
[WhiteElo "2308"]
[BlackElo "2312"]

1.d4 f5 2.g3 Nf6 3.Bg2 c6 4.c4 e6 5.Nf3 d5 6.O-O Bd6 7.b3 Qe7 8.Ne5 O-O 9.Qc2
b6 10.Bb2 Bb7 11.Nd2 Ne4 12.Nxe4 dxe4 13.f3 c5 14.Rad1 exf3 15.exf3 f4 16.Rfe1
Bxe5 17.dxe5 Nc6 18.Rd6 Nd4 19.Bxd4 cxd4 20.Qf2 d3 21.Qd4 fxg3 22.hxg3 Bxf3
23.Qxd3 Qg5 24.Kh2 Bxg2 25.Kxg2 Rf5 26.Qe3 Qg6 27.Red1 Raf8 28.Rd8 h5 29.R1d4
h4 30.Rxf8+ Rxf8 31.Qd3 Rf5 32.g4 Qg5 33.Rd8+ Rf8 34.Rxf8+ Kxf8 35.Qd6+ Qe7
36.g5 Qxd6 37.exd6 Ke8 38.b4 Kd7 39.c5 a5 40.a3 e5 41.Kh3 axb4 42.axb4 bxc5
43.bxc5 1-0

[Event "Cto de Aragon  Equipos Cat Preferente"]
[Site "Aragon"]
[Date "2010.03.27"]
[Round "10.15"]
[White "Remiro Juste Fernando Jose"]
[Black "Forcen Esteban Daniel"]
[Result "1-0"]
[WhiteElo "2306"]
[BlackElo "2267"]

1.d4 Nf6 2.c4 c5 3.d5 e6 4.Nc3 exd5 5.cxd5 d6 6.e4 g6 7.Nf3 Bg7 8.Be2 O-O 9.h3
Re8 10.Qc2 Qe7 11.Nd2 b6 12.O-O Ba6 13.Re1 Nfd7 14.Nf3 Bxe2 15.Qxe2 a6 16.a4
Nf6 17.Nd2 Nbd7 18.Nc4 Nh5 19.g4 Bxc3 20.bxc3 Nhf6 21.Bf4 Qxe4 22.Qxe4 Nxe4
23.Nxd6 Nxd6 24.Bxd6 b5 25.axb5 axb5 26.Rxe8+ Rxe8 27.Rb1 b4 28.cxb4 c4 29.Rc1
Rc8 30.Bc5 Nf6 31.d6 Ne4 32.Rxc4 Nxd6 33.Rd4 Nb5 34.Rd7 Rb8 35.Kf1 h6 36.Be7
Na3 37.Rd8+ Rxd8 38.Bxd8 Kf8 39.Ke2 Ke8 40.Bf6 Kd7 41.Kd3 Nb5 42.Kc4 Kc6 43.
Be7 Nc7 44.Kd4 Kd7 45.Bc5 f6 46.h4 h5 47.f3 Nb5+ 48.Kc4 Na3+ 49.Kd5 Nb5 50.Bd4
Nc7+ 51.Kc4 Ne8 52.b5 f5 53.gxh5 gxh5 54.Be5 Ke6 55.f4 1-0

[Event "Cto de Aragon  Equipos Cat Preferente"]
[Site "Aragon"]
[Date "2010.03.27"]
[Round "10.16"]
[White "Antolin Concha Diego"]
[Black "Delgado Salcedo Eduardo"]
[Result "1-0"]
[WhiteElo "2191"]
[BlackElo "2227"]

1.d4 Nf6 2.c4 g6 3.Nc3 Bg7 4.e4 d6 5.f3 O-O 6.Be3 Nc6 7.Qd2 e5 8.d5 Nd4 9.Nge2
Nxe2 10.Bxe2 Nh5 11.g4 Nf4 12.O-O-O a6 13.h4 h6 14.Bf1 b5 15.c5 dxc5 16.Bxc5
Re8 17.Ne2 Nxe2+ 18.Bxe2 Kh7 19.Kb1 Bd7 20.h5 g5 21.Rc1 Qf6 22.Rhd1 Rec8 23.
Bd3 Kg8 24.Qf2 a5 25.Bc2 Bf8 26.Bxf8 Kxf8 27.Bd3 Kg7 28.Qe2 Rab8 29.Rc5 a4 30.
Rdc1 Qb6 31.Qc2 b4 32.Rxc7 b3 33.axb3 axb3 34.Qc3 Rxc7 35.Qxe5+ Kh7 36.Rxc7
Qg1+ 37.Rc1 Qa7 38.Rc7 Qg1+ 39.Rc1 Qa7 40.Rc7 Qe3 41.Qc3 Qg1+ 42.Qc1 Qd4 43.
Qc3 Qg1+ 44.Qc1 Qe3 1-0

[Event "Cto de Aragon  Equipos Cat Preferente"]
[Site "Aragon"]
[Date "2010.03.28"]
[Round "11.1"]
[White "Llanes Luno Ricardo"]
[Black "Adla Diego Gustavo"]
[Result "0-1"]
[WhiteElo "2224"]
[BlackElo "2506"]

1.e4 c5 2.Nf3 d6 3.d4 Nf6 4.Nc3 cxd4 5.Nxd4 a6 6.g3 e5 7.Nde2 Nbd7 8.Bg2 b5 9.
O-O Bb7 10.Bg5 Be7 11.Bxf6 Nxf6 12.a4 b4 13.Nd5 Bxd5 14.exd5 h5 15.c3 bxc3 16.
Nxc3 Qa5 17.Qd3 O-O 18.Rfc1 Rfb8 19.Rc2 Rb4 20.Rb1 Qb6 21.Na2 e4 22.Qe2 Rxa4
23.Nc3 Rb4 24.Nxe4 Nxe4 25.Bxe4 Bf6 26.Bd3 g6 27.Rc6 Qd4 28.Rxd6 a5 29.Qf3 Kg7
30.b3 Rab8 31.Bc2 a4 32.Rd1 Qe5 33.Rxf6 Qxf6 34.Qxf6+ Kxf6 35.bxa4 Rc4 36.Bb1
Rxa4 37.Kg2 Ra1 38.Bc2 Rxd1 39.Bxd1 Ke5 40.Bf3 Rb3 41.h3 Rc3 42.g4 h4 43.d6
Kxd6 44.Be4 Ke5 45.Bb7 g5 46.Bf3 Kd4 47.Be2 Ra3 48.Bf1 f6 49.Bb5 Kc3 0-1

[Event "Cto de Aragon  Equipos Cat Preferente"]
[Site "Aragon"]
[Date "2010.03.28"]
[Round "11.2"]
[White "Glavina Rossi Pablo"]
[Black "Lamas Mercadal Manuel"]
[Result "1-0"]
[WhiteElo "2478"]
[BlackElo "2211"]

1.Nf3 c5 2.g3 Nc6 3.Bg2 g6 4.c4 Bg7 5.Nc3 Nf6 6.d4 cxd4 7.Nxd4 Nxd4 8.Qxd4 O-O
9.O-O d6 10.Qd2 Qb6 11.b3 Bd7 12.Bb2 Bc6 13.e4 Rfe8 14.Rfe1 Nd7 15.Nd5 Bxd5
16.Bxg7 Kxg7 17.exd5 a5 18.Re3 a4 19.Rae1 axb3 20.axb3 Nf6 21.Qb2 Qb4 22.R1e2
Qa3 23.Qd2 b6 24.Re1 Ra7 25.b4 Qa2 26.Qd4 Qa6 27.g4 Kg8 28.g5 Nh5 29.Re4 Rc7
30.Bh3 Ng7 31.R1e3 Nf5 32.Bxf5 gxf5 33.Rh4 Ra8 34.Kg2 Qa1 35.Qd3 Qg7 36.Qxf5
Qg6 37.Qxg6+ fxg6 38.Reh3 Ra4 39.Rxh7 Rxb4 40.Rh8+ Kf7 41.R3h7# 1-0

[Event "Cto de Aragon  Equipos Cat Preferente"]
[Site "Aragon"]
[Date "2010.03.28"]
[Round "11.3"]
[White "Naya Sancho Jose Ignacio"]
[Black "Lopez Gracia Fernando"]
[Result "1/2-1/2"]
[WhiteElo "2069"]
[BlackElo "2303"]

1.d4 Nf6 2.c4 g6 3.Nc3 Bg7 4.e4 d6 5.Be2 O-O 6.Nf3 e5 7.O-O Nc6 8.d5 Ne7 9.Ne1
Nd7 10.Nd3 f5 11.f3 c5 12.dxc6 Nxc6 13.Be3 b6 14.Qd2 Bb7 15.Rad1 f4 16.Bf2 Nc5
17.Nb5 a6 18.Nxc5 dxc5 19.Nd6 Qe7 20.Qd5+ Kh8 21.Nxb7 Qxb7 22.Qd7 Qxd7 23.Rxd7
Rfd8 24.Rd5 Nb4 25.Rxd8+ Rxd8 26.a3 Nc6 27.Rd1 Nd4 28.Kf1 Kg8 29.Rd3 Kf7 30.
Bd1 Rb8 31.Bxd4 exd4 32.Ba4 Be5 33.Bc6 Ke7 34.a4 Kd6 35.Bd5 g5 36.Ke2 h5 37.
Bf7 Rh8 38.Rb3 Kc7 39.Be6 g4 40.Rd3 g3 41.h3 Rb8 42.Rb3 1/2-1/2

[Event "Cto de Aragon  Equipos Cat Preferente"]
[Site "Aragon"]
[Date "2010.03.28"]
[Round "11.4"]
[White "Moreno Gracia Daniel"]
[Black "Roche Simon Miguel Angel"]
[Result "1-0"]
[WhiteElo "2246"]
[BlackElo "2052"]

1.c4 e5 2.Nc3 Nc6 3.g3 g6 4.Bg2 Bg7 5.d3 d6 6.Nf3 h6 7.O-O f5 8.Rb1 a5 9.a3
Nf6 10.b4 axb4 11.axb4 O-O 12.b5 Ne7 13.c5 Be6 14.Bb2 g5 15.Ra1 Nd7 16.cxd6
cxd6 17.Nd2 Nc5 18.Nc4 Rxa1 19.Qxa1 e4 20.Rd1 exd3 21.exd3 Nxd3 22.Rxd3 Bxc4
23.Rd1 Qb6 24.Nd5 Nxd5 25.Bxg7 Rf7 26.Bxh6 Nf6 27.Bxg5 Ne4 28.Be3 Qxb5 29.Bxe4
fxe4 30.Rxd6 Be2 31.Rg6+ Kf8 32.Qa8+ Ke7 33.Bg5+ Kd7 34.Qd8# 1-0

[Event "Cto de Aragon  Equipos Cat Preferente"]
[Site "Aragon"]
[Date "2010.03.28"]
[Round "11.5"]
[White "Garza Marco Sergio"]
[Black "Baron Rodriguez Jesus"]
[Result "1/2-1/2"]
[WhiteElo "2418"]
[BlackElo "2436"]

1.c4 e6 2.d4 d5 3.Nc3 Nf6 4.Nf3 Bb4 5.Bg5 Nbd7 6.e3 c5 7.cxd5 exd5 8.Bd3 Qa5
9.Qc2 c4 10.Bf5 O-O 11.O-O Re8 12.Nd2 g6 13.Bh3 Kg7 14.Rae1 Nb6 15.Bxc8 Raxc8
16.f3 Na4 17.Ndb1 Bxc3 18.Nxc3 Nxc3 19.bxc3 Nd7 20.Bf4 Re6 21.e4 Rce8 22.e5 b5
23.Qd2 Qb6 24.Kh1 Kg8 25.Bh6 R6e7 26.g4 a5 27.f4 f6 28.a3 Qc6 29.Re3 Rf7 30.
Rfe1 fxe5 31.fxe5 Qe6 32.Qg2 Rb8 33.Rb1 Rb7 34.Bg5 Rb8 35.Bh6 Rb7 36.Rf3 Rxf3
37.Qxf3 Rb8 38.Rf1 Rc8 39.h3 Rb8 40.Kg2 Rc8 41.Rb1 Rb8 42.Rf1 Re8 43.Rf2 Rb8
44.Rf1 Rc8 1/2-1/2

[Event "Cto de Aragon  Equipos Cat Preferente"]
[Site "Aragon"]
[Date "2010.03.28"]
[Round "11.6"]
[White "Baron Rodriguez Jorge"]
[Black "Fontana Sotomayour Luis Javier"]
[Result "1/2-1/2"]
[WhiteElo "2308"]
[BlackElo "2353"]

1.d4 d5 2.c4 Nc6 3.Nf3 Bg4 4.Nc3 e6 5.cxd5 exd5 6.Bf4 Bxf3 7.gxf3 Bd6 8.Bg3
Nge7 9.e3 a6 10.Bg2 O-O 11.O-O Qd7 12.f4 Bb4 13.Ne2 Nd8 14.Qb3 Ba5 15.Nc1 c6
16.Nd3 Ne6 17.Ne5 Qc8 18.Rfc1 Bc7 19.Qd1 f6 20.Nd3 a5 21.b3 Qd7 22.a3 Bd6 23.
Qd2 Nc7 24.b4 axb4 25.axb4 b6 26.Ne5 Bxe5 27.fxe5 f5 28.Qc2 Ne6 29.f4 h6 30.
Bh3 g6 31.Kh1 Rfc8 32.Bh4 Rxa1 33.Rxa1 c5 34.bxc5 bxc5 35.dxc5 Rxc5 36.Qg2 Kf7
37.Rg1 Nf8 38.Rd1 Qc6 39.Qf1 Rc3 40.Bg2 Rxe3 41.Bxe7 Kxe7 42.Bxd5 Qa4 43.Ra1
Ra3 44.Rb1 Qd4 45.Bg2 Ra7 46.Rd1 Qc5 47.Qe1 g5 48.fxg5 hxg5 49.Qd2 Ne6 50.Qb2
Rc7 51.h3 Qc3 52.Qb6 Qxe5 53.Bd5 Rc2 54.Bg2 Qc5 55.Qb7+ Kf6 56.Qb1 Qf2 57.Qa1+
Kg6 58.Qa8 Rd2 59.Rf1 Qd4 60.Qe8+ Kf6 61.Qh8+ Kg6 62.Qe8+ Kf6 63.Re1 Qd6 64.
Qh8+ Kg6 65.Qe8+ Kf6 1/2-1/2

[Event "Cto de Aragon  Equipos Cat Preferente"]
[Site "Aragon"]
[Date "2010.03.28"]
[Round "11.7"]
[White "Ramiro Ovejero Juan Luis"]
[Black "Forcen Esteban Daniel"]
[Result "1-0"]
[WhiteElo "2346"]
[BlackElo "2267"]

1.e4 c5 2.Nf3 e6 3.d4 cxd4 4.Nxd4 Nc6 5.Nc3 Nf6 6.Bc4 Bb4 7.O-O Bxc3 8.bxc3
Qa5 9.Nb5 O-O 10.Ba3 Rd8 11.Bd6 Ne8 12.Qd2 a6 13.Bb4 Nxb4 14.cxb4 Qb6 15.Qd4
Qc6 16.Nc3 Nd6 17.Bd3 Nb5 18.Nxb5 axb5 19.e5 g6 20.Be4 Qc7 21.Rfd1 Ra6 22.Bd3
Rb6 23.Bf1 d5 24.h4 Bd7 25.h5 Ra8 26.Rd3 Rba6 27.Rh3 Be8 28.Qf4 Qe7 29.hxg6
fxg6 30.a3 Ra4 31.Qd4 Rc8 32.Rc3 Rxc3 33.Qxc3 Bc6 34.Qd4 Ra6 35.Bd3 Qc7 36.f4
Qb6 37.Qxb6 Rxb6 38.c3 Ra6 39.Kf2 Kf7 40.Ke3 h5 41.Kd4 Be8 42.g3 b6 43.Ra2 Kg7
44.Be2 Ra8 45.Bd3 Ra7 46.Ra1 Ra8 47.Be2 Bd7 48.Bf3 Rc8 49.Be2 Ra8 50.Bd3 Be8
51.g4 hxg4 52.Rg1 Rxa3 53.Rxg4 Kh6 54.Rh4+ Kg7 55.Rg4 Kh6 56.Rh4+ Kg7 57.Rg4
Kh6 58.Rg1 Ra2 59.Rh1+ Kg7 60.Rg1 Rd2 61.Ra1 Kf8 62.Ke3 Rh2 63.Ra6 Rh3+ 64.Kd4
Rf3 65.Rxb6 Ke7 66.Rb7+ Kd8 67.Rb8+ Ke7 68.Rb7+ Kd8 69.Rg7 Rxf4+ 70.Kc5 Rf7
71.Rg8 Rc7+ 72.Kb6 Rc6+ 73.Ka5 Rxc3 74.Bxg6 Re3 75.Bxe8 Rxe5 76.Bxb5+ Ke7 77.
Re8+ Kf7 78.Rd8 Re1 79.Kb6 Rb1 80.Kc5 Rc1+ 81.Kd6 Rb1 82.Rb8 Kf6 83.Bd3 Rb3
84.Bf1 d4 85.Bc4 Rc3 86.Bxe6 d3 87.Rf8+ Kg5 88.Rf5+ Kg6 89.Rd5 Kf6 90.Bd7 Ra3
91.b5 Rb3 92.Kc5 Ke7 93.Bf5 Rc3+ 94.Kb4 1-0

[Event "Cto de Aragon  Equipos Cat Preferente"]
[Site "Aragon"]
[Date "2010.03.28"]
[Round "11.8"]
[White "Antolin Concha Diego"]
[Black "Antoli Royo Joaquin Miguel"]
[Result "1/2-1/2"]
[WhiteElo "2191"]
[BlackElo "2334"]

1.d4 d5 2.c4 dxc4 3.Nf3 Nf6 4.e3 Bg4 5.Bxc4 e6 6.Nc3 Nbd7 7.O-O Bb4 8.Be2 O-O
9.h3 Bh5 10.Qb3 Qe7 11.a3 Bxc3 12.bxc3 b6 13.c4 e5 14.g4 Bg6 15.dxe5 Ne4 16.
Bb2 Nec5 17.Qa2 Nd3 18.Rad1 Nxb2 19.Qxb2 Rad8 20.Qc1 Be4 21.Rd4 Bxf3 22.Bxf3
Nxe5 23.Bg2 Rxd4 24.exd4 Ng6 25.Qe3 Qd7 26.c5 Rd8 27.cxb6 axb6 28.d5 Qd6 29.f4
Ra8 30.a4 Nf8 31.Qb3 Nd7 32.Re1 Kf8 33.Kh1 Re8 34.Rxe8+ Kxe8 35.Qe3+ Kd8 36.
Qe4 g6 37.Qd4 Qf6 38.Qc4 Qa1+ 39.Kh2 Qf6 40.g5 Qd6 41.Qd4 f6 42.h4 Qc5 43.Qxc5
Nxc5 44.gxf6 Ke8 45.Kg3 Kf7 46.Bf1 Nxa4 47.h5 Kxf6 48.hxg6 hxg6 49.Kf3 Nc5 50.
Ke3 Nb7 51.Bh3 Nd6 52.Kd4 Nf5+ 53.Ke4 b5 54.Bxf5 gxf5+ 55.Kd4 Ke7 1/2-1/2

[Event "Cto de Aragon  Equipos Cat Preferente"]
[Site "Aragon"]
[Date "2010.04.11"]
[Round "12.1"]
[White "Adla Diego Gustavo"]
[Black "Garza Marco Sergio"]
[Result "1/2-1/2"]
[WhiteElo "2506"]
[BlackElo "2418"]

1.c4 e5 2.g3 Nf6 3.Bg2 d5 4.cxd5 Nxd5 5.Nf3 Nc6 6.O-O Nb6 7.d3 Be7 8.a3 O-O 9.
Nbd2 a5 10.b3 Be6 11.Bb2 f6 12.Qc2 Qd7 13.Rfd1 Rfd8 14.Nc4 Bf8 15.Rac1 Qf7 16.
Nfd2 Nd5 17.e3 Rd7 18.Ne4 Bg4 19.Re1 Rad8 20.h3 Bh5 21.g4 1/2-1/2

[Event "Cto de Aragon  Equipos Cat Preferente"]
[Site "Aragon"]
[Date "2010.04.11"]
[Round "12.2"]
[White "Fontana Sotomayour Luis Javier"]
[Black "Glavina Rossi Pablo"]
[Result "1/2-1/2"]
[WhiteElo "2353"]
[BlackElo "2478"]

1.e4 e5 2.Nf3 Nc6 3.Bb5 Bc5 4.O-O Qf6 5.c3 Nge7 6.d3 h6 7.Be3 Bb6 8.d4 O-O 9.
a4 d6 10.Be2 Ng6 11.d5 Nce7 12.a5 Bxe3 13.fxe3 Nh4 14.Nbd2 Nxf3+ 15.Rxf3 Qh4
16.Qe1 Qxe1+ 17.Rxe1 f5 18.exf5 Bxf5 19.e4 Bg6 20.Rxf8+ Kxf8 21.Kf2 Ng8 22.Ke3
Nf6 23.Ra1 Ke7 24.Ra4 Be8 25.Ra3 g5 26.Rb3 Rb8 27.Rb4 b6 28.Rb3 Bg6 29.axb6
Rxb6 30.Rxb6 axb6 31.b4 Kd8 32.h3 Be8 33.g3 c6 34.c4 Kc7 35.h4 gxh4 36.gxh4
Bd7 37.Nf1 b5 38.dxc6 Bxc6 39.Ng3 bxc4 40.Bxc4 Bd7 41.Be2 Be6 42.Nh5 Ng8 43.
Ng7 Bd7 44.Nh5 Ne7 45.Nf6 Be6 46.Bb5 Kd8 47.Be8 Nc8 48.Bc6 Ke7 49.Nd5+ Bxd5
50.Bxd5 Kd7 51.Kf3 Ne7 52.Bb3 Ng6 53.Kg4 Nf4 54.b5 Kc7 55.Kf5 Kb6 56.Bc4 Ng2
57.Ke6 Nxh4 58.Kxd6 Nf3 59.Be2 Nd4 60.Bd1 1/2-1/2

[Event "Cto de Aragon  Equipos Cat Preferente"]
[Site "Aragon"]
[Date "2010.04.11"]
[Round "12.3"]
[White "Lopez Gracia Fernando"]
[Black "Ramiro Ovejero Juan Luis"]
[Result "0-1"]
[WhiteElo "2303"]
[BlackElo "2346"]

1.e4 c5 2.Nf3 d6 3.d4 cxd4 4.Nxd4 Nf6 5.Nc3 Bd7 6.Bg5 e6 7.Qd2 a6 8.f3 Be7 9.
O-O-O b5 10.h4 h6 11.Be3 b4 12.Nce2 e5 13.Nf5 Bxf5 14.exf5 Nc6 15.g4 d5 16.Bg2
d4 17.f4 Qc7 18.Bxd4 exd4 19.Nxd4 Nxd4 20.Bxa8 b3 0-1

[Event "Cto de Aragon  Equipos Cat Preferente"]
[Site "Aragon"]
[Date "2010.04.11"]
[Round "12.4"]
[White "Antoli Royo Joaquin Miguel"]
[Black "Moreno Gracia Daniel"]
[Result "1-0"]
[WhiteElo "2334"]
[BlackElo "2246"]

1.e4 e5 2.Nc3 Nf6 3.d4 exd4 4.Qxd4 Nc6 5.Qe3 Bb4 6.Bd2 O-O 7.O-O-O Re8 8.f3 d5
9.Qf2 d4 10.Nb5 Bc5 11.Bf4 Re7 12.g4 Be6 13.Nc3 Rd7 14.Na4 Bf8 15.b3 a6 16.Ne2
Qe7 17.Kb1 b5 18.Nb2 Qa3 19.Nd3 a5 20.Bc1 Qe7 21.g5 Ne8 22.f4 Bg4 23.Bg2 a4
24.e5 Bxe2 25.Qxe2 Ra6 26.f5 axb3 27.cxb3 Nb4 28.f6 Qe6 29.Nxb4 Bxb4 30.Qxb5
Rb6 31.Qd3 Qxe5 32.Rhf1 Bc3 33.Rf2 Nd6 34.fxg7 Kxg7 35.Qh3 Re7 36.g6 hxg6 37.
Qd3 Qb5 38.Qh3 Qh5 39.Qxh5 gxh5 40.Bf3 Ne4 41.Rg2+ Rg6 42.Re2 f5 43.Bxh5 Rd6
44.Rg2+ Kh8 45.Rd3 Rh7 46.Bg6 Rg7 47.Rh3+ Kg8 48.Bh7+ Kf7 49.Rxg7+ Kxg7 50.
Bxf5 Nc5 51.Kc2 Rf6 52.Rh5 Ra6 53.a3 Kf6 54.b4 Ne6 55.Bxe6 Rxe6 56.Rh6+ Kf5
57.Rxe6 Kxe6 58.Bb2 Be1 59.Bxd4 Kd5 60.Kd3 c6 61.Bc3 Bf2 62.Bf6 c5 63.h4 c4+
64.Kc3 Be1+ 65.Kc2 Ke6 66.Bg5 Kf5 67.b5 Ba5 68.Bd2 Bd8 69.h5 1-0

[Event "Cto de Aragon  Equipos Cat Preferente"]
[Site "Aragon"]
[Date "2010.04.11"]
[Round "12.5"]
[White "Salamero Pelay Fernando"]
[Black "Arribas Robaina Maritza"]
[Result "0-1"]
[WhiteElo "2131"]
[BlackElo "2312"]

1.e4 e5 2.Nf3 d6 3.d4 exd4 4.Nxd4 Nf6 5.Nc3 Be7 6.Bf4 a6 7.Be2 c5 8.Nf3 Nc6 9.
e5 dxe5 10.Qxd8+ Bxd8 11.Nxe5 Nd4 12.O-O-O Nxe2+ 13.Nxe2 O-O 14.f3 Be6 15.Be3
Bc7 16.Nd3 b6 17.Bf4 Bd8 18.Nc3 Re8 19.Rhe1 Rc8 20.Nf2 Nh5 21.Be5 Bg5+ 22.Kb1
Red8 23.g4 Rxd1+ 24.Rxd1 Nf6 25.Nh3 Bh4 26.Nf4 Re8 27.Bc7 b5 28.Rd8 Bd7 29.Ng2
Bf2 30.g5 Rxd8 31.Bxd8 Nh5 32.Ne4 Bg1 33.Bb6 Bxh2 34.Bxc5 Bc6 35.Nd2 Be5 36.c4
Nf4 37.Ne1 f6 38.cxb5 axb5 39.gxf6 gxf6 40.Ne4 h5 41.Bf2 Kf7 42.Kc2 Ne6 43.b3
f5 44.Ng5+ Nxg5 0-1

[Event "Cto de Aragon  Equipos Cat Preferente"]
[Site "Aragon"]
[Date "2010.04.11"]
[Round "12.6"]
[White "Fandino Roquelina"]
[Black "Gella Bitrian Diego"]
[Result "1-0"]
[WhiteElo "2140"]
[BlackElo "1950"]

1.e4 c5 2.Nf3 d6 3.Bb5+ Nd7 4.O-O Nf6 5.Re1 e5 6.c3 a6 7.Bf1 Be7 8.a4 O-O 9.d3
Qc7 10.Nbd2 b6 11.Nc4 Bb7 12.Ne3 g6 13.h3 b5 14.a5 Nh5 15.Nd5 Bxd5 16.exd5 f5
17.Bh6 Rf6 18.Ng5 Nf4 19.c4 bxc4 20.dxc4 Bf8 21.Bxf8 Nxf8 22.g3 Nh5 23.Bg2 Rb8
24.Ra2 e4 25.h4 h6 26.Nh3 Nd7 27.Qc1 Kh7 28.Qc3 Rf7 29.Bf1 Ne5 30.Be2 Nf6 31.
Nf4 Rb4 32.b3 Qb8 33.Ra3 Rfb7 34.Rb1 Qg8 35.Ne6 g5 36.hxg5 hxg5 37.Kg2 Kh8 38.
Rh1+ Rh7 39.Rxh7+ Nxh7 40.Nxc5 f4 41.Nxe4 Qf8 42.f3 Rb7 43.c5 Rc7 44.b4 fxg3
45.Nxd6 Qf4 46.Qe3 Qf6 47.Ne8 1-0

[Event "Cto de Aragon  Equipos Cat Preferente"]
[Site "Aragon"]
[Date "2010.04.11"]
[Round "12.7"]
[White "Biarge Carnicer Arturo"]
[Black "Rodriguez Leiva Manuel"]
[Result "0-1"]
[WhiteElo "1899"]
[BlackElo "2040"]

1.e4 e6 2.d4 d5 3.e5 c5 4.c3 Nc6 5.Nf3 Qb6 6.a3 Bd7 7.b4 cxd4 8.cxd4 Nge7 9.
Bb2 Rc8 10.Be2 Nf5 11.O-O Be7 12.Qd2 O-O 13.Rd1 Nh4 14.Nxh4 Bxh4 15.Nc3 Nd8
16.Bg4 Rc7 17.a4 Qxb4 18.g3 Be7 19.Rdc1 Qa5 20.Rc2 Bb4 21.Qe3 Bxc3 22.Bxc3 Qb6
23.Rb2 Qc6 24.Bb4 Re8 25.Rb3 b6 26.Rc3 Qb7 27.Rxc7 Qxc7 28.Rc1 Qb7 29.Bd1 Nc6
30.Bd6 Rc8 31.Qd3 Na5 32.Rc3 Rc4 33.Be2 Bxa4 34.Ra3 Rc1+ 35.Kg2 Qc6 36.Qa6 Bd1
37.Bxd1 Rxd1 38.Rxa5 Qc2 39.Ra3 h6 40.Qa4 Qe4+ 41.Rf3 Qe2 42.Qe8+ Kh7 43.Re3
Qf1+ 44.Kf3 Rxd4 45.g4 Qh1+ 46.Kg3 Qg1+ 0-1

[Event "Cto de Aragon  Equipos Cat Preferente"]
[Site "Aragon"]
[Date "2010.04.11"]
[Round "12.8"]
[White "Maza Broto Pablo"]
[Black "Bellosta Lopez Pablo"]
[Result "1-0"]
[WhiteElo "2014"]
[BlackElo "1892"]

1.d4 d5 2.Nf3 c6 3.Bf4 Nf6 4.e3 Bf5 5.c4 e6 6.Qb3 Qb6 7.Nc3 Nbd7 8.Nh4 Qxb3 9.
axb3 Bc2 10.Kd2 Bxb3 11.c5 Ne4+ 12.Nxe4 dxe4 13.g4 Be7 14.Ng2 O-O 15.Kc3 Bd5
16.b4 b6 17.Ba6 bxc5 18.bxc5 e5 19.Bg3 exd4+ 20.exd4 e3 21.Nxe3 Bxh1 22.Rxh1
Nf6 23.Bb7 Ne4+ 24.Kc4 Nxg3 25.hxg3 Rab8 26.Bxc6 Rb2 27.Ra1 Rc8 28.Rxa7 Bf8
29.Bd7 Rcb8 30.c6 Bd6 31.Kd5 1-0

[Event "Cto de Aragon  Equipos Cat Preferente"]
[Site "Aragon"]
[Date "2010.04.11"]
[Round "12.9"]
[White "Antonano Fernandez Avelino"]
[Black "Fabre Perez Jose Maria"]
[Result "1-0"]
[WhiteElo "2137"]
[BlackElo "2081"]

1.Nf3 Nf6 2.b3 g6 3.Bb2 Bg7 4.e3 d6 5.d4 Nbd7 6.Bc4 c6 7.Nbd2 Qa5 8.O-O O-O 9.
a4 e5 10.dxe5 dxe5 11.b4 Qc7 12.e4 Nh5 13.g3 Nb6 14.Bb3 Bh3 15.Re1 Rad8 16.Qe2
Qd7 17.Nf1 Qe7 18.b5 c5 19.Ne3 Kh8 20.a5 Nc8 21.Nd5 Rxd5 22.Bxd5 Bg4 23.Qe3
Nd6 24.Qg5 Qxg5 25.Nxg5 f6 26.Be6 fxg5 27.Bxg4 Nxb5 28.Bxh5 gxh5 29.Red1 Nd4
30.Bxd4 exd4 31.Rab1 Rf7 32.Rb5 b6 33.axb6 axb6 34.Rxb6 Bf8 35.Rdb1 Kg7 36.Rb7
Be7 37.Ra7 Bf6 38.Rbb7 Rxb7 39.Rxb7+ Kg6 40.Rc7 h4 41.Rc6 Kf7 42.gxh4 g4 43.
Rxc5 Kg6 44.h5+ 1-0

[Event "Cto de Aragon  Equipos Cat Preferente"]
[Site "Aragon"]
[Date "2010.04.11"]
[Round "12.10"]
[White "Pintiel Arruego Juan Luis"]
[Black "Juberias Segura Santiago"]
[Result "0-1"]
[WhiteElo "1864"]
[BlackElo "2111"]

1.d4 Nf6 2.Bf4 g6 3.e3 Bg7 4.Nf3 d6 5.c3 Nbd7 6.Be2 O-O 7.O-O c6 8.Qb3 Qc7 9.
Nbd2 e5 10.dxe5 dxe5 11.Bg3 Nh5 12.Ne4 Nxg3 13.Nxg3 Nb6 14.Rfd1 Be6 15.Qc2 h6
16.Ne4 Qe7 17.c4 Bf5 18.Bd3 Bxe4 19.Bxe4 f5 20.c5 fxe4 21.Qxe4 Qxc5 22.Qxg6
Qe7 23.Rd2 Rad8 24.Rad1 Rxd2 25.Rxd2 Rd8 26.Rxd8+ Qxd8 27.h3 Qe7 28.Qg4 Qd7
29.Qg6 Qf7 30.Qg4 Kh8 31.Nh4 Nd5 32.Qc8+ Kh7 33.Qg4 Ne7 34.b3 Bf6 35.Nf3 Qd5
36.e4 Qd6 37.Qh5 Kg7 38.Nh2 Qd2 39.Ng4 Ng6 40.Qf5 Qc1+ 41.Kh2 Qf4+ 42.Qxf4
Nxf4 43.g3 Nd3 0-1

[Event "Cto de Aragon  Equipos Cat Preferente"]
[Site "Aragon"]
[Date "2010.04.11"]
[Round "12.11"]
[White "Gonzalvo Lara Victor"]
[Black "Garcia Mendez Beatriz"]
[Result "1-0"]
[WhiteElo "2099"]
[BlackElo "1861"]

1.e4 g6 2.d4 Bg7 3.Nc3 c6 4.Be3 d5 5.e5 h5 6.Bd3 Nh6 7.Qd2 Nf5 8.Bxf5 Bxf5 9.
Nf3 Na6 10.Nh4 Bd7 11.O-O-O Qa5 12.f4 e6 13.Kb1 c5 14.dxc5 Nxc5 15.Bxc5 Qxc5
16.Ne4 Qe7 17.Nd6+ Kf8 18.Nf3 Bh6 19.Nxb7 Kg7 20.Nd6 Rhb8 21.h3 f6 22.Qd4 f5
23.Rhg1 Kh7 24.g4 hxg4 25.hxg4 Rb6 26.Rh1 fxg4 27.Ng5+ Kg7 28.Rxh6 Kxh6 29.
Rh1+ Kg7 30.Rh7+ Kf8 31.Rh8+ Kg7 32.Rxa8 Bc6 33.Nc8 Qb4 34.Rxa7+ Kf8 35.Nxe6+
Ke8 36.Nd6+ 1-0

[Event "Cto de Aragon  Equipos Cat Preferente"]
[Site "Aragon"]
[Date "2010.04.11"]
[Round "12.12"]
[White "Gaspar Calvo Luis Alberto"]
[Black "Solanas Godes Beatriz"]
[Result "1-0"]
[WhiteElo "1812"]
[BlackElo "1799"]

1.d4 d5 2.c4 e6 3.Nc3 Nf6 4.Bg5 Be7 5.e3 O-O 6.Nf3 b6 7.cxd5 exd5 8.Bd3 c5 9.
O-O Nc6 10.Rc1 Bb7 11.Ne5 Nb4 12.Bb1 Ne4 13.Bxe7 Qxe7 14.Nxe4 dxe4 15.a3 Na6
16.Qg4 cxd4 17.exd4 Qe6 18.Qxe6 fxe6 19.Ba2 Bd5 20.Bxd5 exd5 21.Rc6 Rf6 22.
Rfc1 Rxc6 23.Rxc6 Rd8 24.b4 h6 25.b5 Nb8 26.Rc7 a6 27.a4 axb5 28.axb5 Kh7 29.
h4 h5 30.Kh2 Rf8 31.Kg3 Kh6 32.Nd7 Nxd7 33.Rxd7 Rf6 34.Rxd5 Rg6+ 35.Kh2 Rf6
36.Kg1 Kg6 37.Re5 Rf5 38.Rxf5 Kxf5 39.Kf1 Ke6 40.Ke2 Kd5 41.Ke3 Kc4 42.Kxe4
Kxb5 43.Kd5 Ka4 44.Kc6 b5 45.d5 b4 46.d6 b3 47.d7 b2 48.d8=Q b1=Q 49.Qa8+ Kb3
50.Qb7+ Kc2 51.Qxb1+ Kxb1 52.Kd5 Kc2 53.Ke4 Kd2 54.f3 Ke2 55.g4 Kf2 56.Kf4 Kg2
57.gxh5 Kh3 58.Kg5 1-0